<?xml version="1.0" encoding="UTF-8"?>
<record
    xmlns:xsi="http://www.w3.org/2001/XMLSchema-instance"
    xsi:schemaLocation="http://www.loc.gov/MARC21/slim http://www.loc.gov/standards/marcxml/schema/MARC21slim.xsd"
    xmlns="http://www.loc.gov/MARC21/slim">

  <leader>00459nam a22001577a 4500</leader>
  <controlfield tag="003">OSt</controlfield>
  <controlfield tag="005">20251231124022.0</controlfield>
  <controlfield tag="008">251231b        |||||||| |||| 00| 0 eng d</controlfield>
  <datafield tag="040" ind1=" " ind2=" ">
    <subfield code="a">LC</subfield>
    <subfield code="c">JCSC</subfield>
  </datafield>
  <datafield tag="050" ind1=" " ind2=" ">
    <subfield code="a">JZ 5660</subfield>
    <subfield code="b">.A47 1984</subfield>
  </datafield>
  <datafield tag="100" ind1=" " ind2=" ">
    <subfield code="a">Faisal Odeh Matlag AL-Rfouh</subfield>
  </datafield>
  <datafield tag="245" ind1=" " ind2=" ">
    <subfield code="a">United nations ,league of arab states and palestinians /</subfield>
    <subfield code="c">AL-Rfouh M.O.F.</subfield>
  </datafield>
  <datafield tag="260" ind1=" " ind2=" ">
    <subfield code="a">New delhi :</subfield>
    <subfield code="b">Bhalla book service ;</subfield>
    <subfield code="c">1984.</subfield>
  </datafield>
  <datafield tag="300" ind1=" " ind2=" ">
    <subfield code="a">134 pages.</subfield>
  </datafield>
  <datafield tag="942" ind1=" " ind2=" ">
    <subfield code="2">lcc</subfield>
    <subfield code="c">BK</subfield>
    <subfield code="n">0</subfield>
  </datafield>
  <datafield tag="999" ind1=" " ind2=" ">
    <subfield code="c">23390</subfield>
    <subfield code="d">23389</subfield>
  </datafield>
  <datafield tag="952" ind1=" " ind2=" ">
    <subfield code="0">0</subfield>
    <subfield code="1">0</subfield>
    <subfield code="2">lcc</subfield>
    <subfield code="4">0</subfield>
    <subfield code="7">0</subfield>
    <subfield code="a">JCSC</subfield>
    <subfield code="b">JCSC</subfield>
    <subfield code="c">GEN</subfield>
    <subfield code="d">2025-12-31</subfield>
    <subfield code="i">1086/86</subfield>
    <subfield code="l">0</subfield>
    <subfield code="o">JZ 5660 .A47 1984</subfield>
    <subfield code="p">JCSC007144</subfield>
    <subfield code="r">2025-12-31</subfield>
    <subfield code="w">2025-12-31</subfield>
    <subfield code="y">BK</subfield>
  </datafield>
</record>
